000 00452nam a2200169Ia 4500
008 180921t2014 xxu||||| |||| 00| 0 sin d
041 _asin
080 _a22/23
_bDAS
100 _aDisanayaka, O. Asela Priyankara
245 _aහෙළදිවේ දහම් සිළුව
246 _aHeladiwe Daham Siluwa
260 _bGodage
_aColombo
_c2014
300 _b21 cm
942 _cBK
999 _c1172
_d1172
003 LK-CoDNM
040 _aLK-CoDNM
_dLK-CoDNM
_eLK-CoDNM